00329 a2200109 4500001001000000005001700010008004100027245004900068100001900117773006600136999001700202ART_1049020260410161848.0260409a 10aSobre la relación salario real-ocupación1 aPorto, Alberto0 tEconómicag- Año XXIII, Nº 1/2 (ene./ago. 1977)wREV7541 c24781d24781